00602nam a2200181 a 4500008004100000020001800041050001600059100002100075245011700096250001600213260003900229260003900268300003500307350001100342650002600353700002000379700002100399151214s2006 ||||||||||||||||| || u a9780323031950 aQP 34.5 Lev aKoeppen, Bruce M10aBerne & Levy principles of physiology. (4th edition)cBy Matthew N. Levy Bruce M. Koeppen [and] Bruce A. Stanton a4th edition aPhiladelphiabMosby Elsevierc2006 aPhiladelphiabElsevier Mosbyc2006 axvi, 818 pages : illustrations a103.00 aPHYSIOLOGY--HANDBOOKS aLevy, Matthew N aStanton, Bruce A